000 00398nam a2200145Ia 4500
008 210210b1977 xxu||||| |||| 00| 0 eng d
020 _a0 7069 0492 3
082 _a312 BOSP
100 _aBOSE (Ashish) and others.
245 _aPopulation statistics in India.
260 _aNew Delhi.
_bVikas Publishing House Pvt Ltd.,
_c1977
300 _axlviii,445
690 _aPopulation
906 _aD00799
999 _c110134
_d110134